2014-2015 Top NHL Scorers Per Team - Statistics

General Stats
  • This quiz has been taken 391 times
  • The average score is 21 of 30
Answer Stats
Team Name Player Total Points % Correct
Washington Capitals Alex Ovechkin 81
99%
Pittsburgh Penguins Sidney Crosby 84
99%
Dallas Stars Jamie Benn 87
95%
New York Islanders John Tavares 86
94%
Tampa Bay Lightning Steven Stamkos 72
93%
Vancouver Canucks Daniel Sedin 76
91%
Chicago Blackhawks Jonathan Toews 66
91%
Anaheim Ducks Ryan Getzlaf 70
88%
Los Angeles Kings Anze Kopitar 64
86%
Boston Bruins Patrice Bergeron 55
81%
New York Rangers Rick Nash 69
77%
St Louis Blues Vladimir Tarasenko 73
77%
Detroit Red Wings Henrik Zetterberg 66
75%
San Jose Sharks Joe Pavelski 70
75%
Winnepeg Jets Blake Wheeler 61
73%
Philadelphia Flyers Jakub Voracek 81
72%
Carolina Hurricanes Eric Staal 54
70%
Montreal Canadiens Max Pacioretty 67
70%
Ottawa Senators Erik Karlsson 66
68%
Nashville Predators Filip Forsberg 63
68%
Minnesota Wild Zach Parise 62
64%
Toronto Maple Leafs Phil Kessel 61
63%
Colorado Avalanche Jarome Iginla 59
51%
Florida Panthers Jonathan Huberdeau 54
50%
Edmonton Oilers Jordan Eberle 63
49%
Columbus Blue Jackets Nick Foligno 73
43%
Arizona Coyotes Oliver Ekman-Larsson 43
37%
Calgary Flames Jiri Hudler 76
29%
New Jersey Devils Adam Henrique 43
21%
Buffalo Sabres Tyler Ennis 46
14%
No matching quizzes found
Score Distribution
Percent of People with Each Score
Percentile by Number Answered
Your Score History
You have not taken this quiz